| 000 | 00567 a2200169 4500 | ||
|---|---|---|---|
| 999 |
_c2748 _d2748 |
||
| 020 | _a9780495571070 | ||
| 050 | _aJA83 SAR 2009 | ||
| 100 |
_aSargent, Lyman Tower _eauthor |
||
| 245 |
_aContemporary political ideologies : a comparative analysis / _cLyman Tower Sargent |
||
| 250 | _a14th ed. | ||
| 264 |
_aBelmont, CA : _bWadsworth, _c2009 |
||
| 300 |
_axvii, 342p. : _bill. |
||
| 500 | _aIncludes bibliographical references and index | ||
| 650 | _aPolitical science -- History | ||
| 650 | _aIdeology -- Political aspects | ||
| 942 |
_2lcc _cBK _e14th ed. _h83 _iSAR _kJA |
||